El Plan económico de la Administración Clinton: consecuencias para América Latina y el Caribe

保存先:
書誌詳細
団体著者: SELA
フォーマット: テキスト
出版事項: Caracas: SELA
タグ: タグ追加
タグなし, このレコードへの初めてのタグを付けませんか!

MARC

LEADER 00000 a a2200000 04500
001 22841
003
040
090 |a 157300  
110 |a SELA  
245 |a El Plan económico de la Administración Clinton: consecuencias para América Latina y el Caribe  
260 |a Caracas:   |b SELA  
300 |a 21 p.   |b **no definido**  
999 |c 13280  |d 13280